| 000 | 00824nam a2200253 i 4500 | ||
|---|---|---|---|
| 001 | bg | ||
| 245 | 0 | 0 |
_aHydrogeologia regionalna Polski. _nT.1, _pWody słodkie / _cpod red. Bronisława Paczyńskiego i Andrzeja Sadurskiego ; aut. Kazimierz Burzyński [et al.]. |
| 260 |
_aWarszawa : _bPaństwowy Instytut Geologiczny, _c2007. |
||
| 300 |
_a542 s. : _bil. (w tym kolor.) ; _c25 cm. |
||
| 504 | _aBibliogr. przy rozdz. Indeks. | ||
| 650 | 9 |
_aRzeki _zPolska |
|
| 650 | 9 |
_aWody podziemne _zPolska |
|
| 700 | 1 |
_aPaczyński, Bronisław. _eRed. |
|
| 700 | 1 |
_aSadurski, Andrzej. _eRed. |
|
| 700 | 1 | _aBurzyński, Kazimierz. | |
| 020 | _a9788375381689 | ||
| 040 | _cBPK | ||
| 041 | _apol | ||
| 044 | _aPOL | ||
| 080 | _a556(438) | ||
| 920 | _a978-83-7538-168-9 | ||
| 942 | _cKS | ||
| 008 | 090505s2007 pl a |001 0 pol | ||
| 999 |
_c56284 _d56284 |
||
| 856 |
_uhttp://koha.tu.koszalin.pl/cgi-bin/koha/opac-detail.pl?biblionumber=56284 _yKatalog online BPK |
||